Pulsars (Record no. 5701)
[ view plain ]
| 000 -LEADER | |
|---|---|
| fixed length control field | 00567nam a2200193Ia 4500 |
| 003 - CONTROL NUMBER IDENTIFIER | |
| control field | IN-BaIIA |
| 008 - FIXED-LENGTH DATA ELEMENTS--GENERAL INFORMATION | |
| fixed length control field | 211028s9999 xx 000 0 eng d |
| 020 ## - INTERNATIONAL STANDARD BOOK NUMBER | |
| International Standard Book Number | 0-7167-0358-0 |
| 040 ## - CATALOGING SOURCE | |
| Transcribing agency | IIA Library |
| 080 ## - UNIVERSAL DECIMAL CLASSIFICATION NUMBER | |
| Universal Decimal Classification number | 524.354.4 |
| Item number | MAN |
| 100 ## - MAIN ENTRY--PERSONAL NAME | |
| Personal name | Manchester, R. N. |
| 9 (RLIN) | 9882 |
| 245 #0 - TITLE STATEMENT | |
| Title | Pulsars |
| Statement of responsibility, etc. | R. N. Manchester and J. H. Taylor |
| 260 ## - PUBLICATION, DISTRIBUTION, ETC. | |
| Place of publication, distribution, etc. | Sanfrancisco |
| Name of publisher, distributor, etc. | W. H. Freeman |
| Date of publication, distribution, etc. | 1977 |
| 300 ## - PHYSICAL DESCRIPTION | |
| Extent | 281p. |
| 650 ## - SUBJECT ADDED ENTRY--TOPICAL TERM | |
| Topical term or geographic name entry element | Astronomy and astrophysics thesaurus |
| 650 ## - SUBJECT ADDED ENTRY--TOPICAL TERM | |
| Topical term or geographic name entry element | Pulsars |
| 9 (RLIN) | 7214 |
| 700 ## - ADDED ENTRY--PERSONAL NAME | |
| Personal name | Taylor, J. H. |
| 9 (RLIN) | 9883 |
| 942 ## - ADDED ENTRY ELEMENTS (KOHA) | |
| Koha item type | Books |
| Withdrawn status | Lost status | Damaged status | Not for loan | Home library | Current library | Shelving location | Date acquired | Cost, normal purchase price | Total Checkouts | Full call number | Barcode | Date last seen | Cost, replacement price | Price effective from | Koha item type | Purchase Price |
|---|---|---|---|---|---|---|---|---|---|---|---|---|---|---|---|---|
| IIA Library-Bangalore | IIA Library-Bangalore | General Stacks | 07/01/1978 | 19.95 | 524.354.4/ MAN | 6376 | 05/11/2021 | 19.95 | 07/01/1978 | Books | Rs. 19.95 |